000 00542nam a2200217 a 4500
005 20210219153309.0
008 991125n 000 0 spa u
035 _aUPN01000089444
100 _aGARRALON, Ana
222 _aEDUCACION Y BIBLIOTECA
245 _aEl no de las niñas
260 _aMADRID, ESPAÑA
300 _a57-58
362 _a1991 Año 3, no. 20, nov.
653 0 _aDISCRIMINACION SEXUAL
653 0 _aESPAÑA
653 0 _aLITERATURA JUVENIL
653 0 _aMUJERES
904 _aAC
_b027255
905 _aArticulo
999 _c73394
_d73394